Анализ напряженно-деформированного состояния легкосплавной бурильной трубы; Вестник науки Сибири; № 3 (9)
| Parent link: | Вестник науки Сибири: электронный научный журнал/ Томский политехнический университет (ТПУ).— , 2011-.— 2226-0064 № 3 (9).— 2013.— [С. 49-54] |
|---|---|
| Autore principale: | |
| Altri autori: | , |
| Riassunto: | Заглавие с титульного листа Проведен анализ поведения легкосплавной бурильной трубы ЛБТ 147 в условиях повышенных нагрузок в двух случаях: при равномерном износе трубы с остаточной толщиной 8 мм и при наличии небольшой области с остаточной толщиной 6 мм. Во втором случае при повышенном внутреннем давлении в трубе происходит ее разрушение в месте утонения сверх допустимого уровня. Сделан вывод о том, что в практике периодического контроля легкосплавных труб необходимо отбраковывать трубы с остаточной толщиной менее 80 % от исходной толщины. |
| Lingua: | russo |
| Pubblicazione: |
2013
|
| Serie: | Инженерные науки |
| Soggetti: | |
| Accesso online: | http://earchive.tpu.ru/handle/11683/16436 |
| Natura: | Elettronico Capitolo di libro |
| KOHA link: | https://koha.lib.tpu.ru/cgi-bin/koha/opac-detail.pl?biblionumber=518049 |
MARC
| LEADER | 00000naa2a2200000 4500 | ||
|---|---|---|---|
| 001 | 518049 | ||
| 005 | 20231101105811.0 | ||
| 035 | |a (RuTPU)RU\TPU\prd\196510 | ||
| 035 | |a RU\TPU\prd\196509 | ||
| 090 | |a 518049 | ||
| 100 | |a 20131004d2013 k y0rusy50 ca | ||
| 101 | 0 | |a rus | |
| 102 | |a RU | ||
| 135 | |a drnn ---uucaa | ||
| 181 | 0 | |a i | |
| 182 | 0 | |a b | |
| 200 | 1 | |a Анализ напряженно-деформированного состояния легкосплавной бурильной трубы |f Ю. В. Алхимов, Ф. П. Лобанов, В. Ю. Алхимов | |
| 203 | |a Текст |c электронный | ||
| 215 | |a 1 файл (794 Кб) | ||
| 225 | 1 | |a Инженерные науки | |
| 230 | |a Электронные текстовые данные (1 файл : 794 Кб) | ||
| 300 | |a Заглавие с титульного листа | ||
| 320 | |a [Библиогр.: с. 53-54 (4 назв.)] | ||
| 330 | |a Проведен анализ поведения легкосплавной бурильной трубы ЛБТ 147 в условиях повышенных нагрузок в двух случаях: при равномерном износе трубы с остаточной толщиной 8 мм и при наличии небольшой области с остаточной толщиной 6 мм. Во втором случае при повышенном внутреннем давлении в трубе происходит ее разрушение в месте утонения сверх допустимого уровня. Сделан вывод о том, что в практике периодического контроля легкосплавных труб необходимо отбраковывать трубы с остаточной толщиной менее 80 % от исходной толщины. | ||
| 337 | |a Adobe Reader | ||
| 461 | 1 | |0 (RuTPU)RU\TPU\prd\143680 |x 2226-0064 |t Вестник науки Сибири |o электронный научный журнал |f Томский политехнический университет (ТПУ) |d 2011- | |
| 463 | 1 | |0 (RuTPU)RU\TPU\prd\196491 |t № 3 (9) |v [С. 49-54] |d 2013 | |
| 610 | 1 | |a легкосплавные бурильные трубы | |
| 610 | 1 | |a напряженно-деформированное состояние | |
| 610 | 1 | |a анализ | |
| 610 | 1 | |a отбраковка | |
| 610 | 1 | |a критерии | |
| 610 | 1 | |a стенки | |
| 610 | 1 | |a остаточная толщина | |
| 610 | 1 | |a труды учёных ТПУ | |
| 610 | 1 | |a электронный ресурс | |
| 700 | 1 | |a Алхимов |b Ю. В. |c специалист в области неразрушающего контроля |c доцент Томского политехнического университета, кандидат технических наук |f 1958- |g Юрий Васильевич |2 stltpush |3 (RuTPU)RU\TPU\pers\26434 | |
| 701 | 1 | |a Лобанов |b Ф. П. |g Федор Петрович | |
| 701 | 1 | |a Алхимов |b В. Ю. |g Василий Юрьевич | |
| 801 | 1 | |a RU |b 63413507 |c 20090623 |g PSBO | |
| 801 | 2 | |a RU |b 63413507 |c 20180115 |g PSBO | |
| 856 | 4 | |u http://earchive.tpu.ru/handle/11683/16436 | |
| 942 | |c BK | ||